000
00316nam a2200145Ia 4500
100
_a
Comer/Douglas E
490
_v
2
942
_c
BK
366
_f
25
245
_a
Inter Networking with TCP/IP Vol 2
260
_b
Prentice Hall of India
_c
1999
300
_a
660
546
_a
ENGLISH
_c
Computers
999
_c
22637
_d
22637